000 00613nam a22002057a 4500
005 20251108164200.0
008 250721s1986 xx 000 0 ara d
082 1 4 _a301.329564/لان
100 1 _aلاندر، دوف فريد
245 1 0 _aسكان إسرائيل :
_bتحدي التعددية /
264 1 _aعمان :
_bالجامعة الأردنية،
_c1986.
300 _a67ص
650 1 7 _aفلسطين
650 1 7 _aالسكان
650 1 7 _aإسرائيل
700 1 _aشايدر، كالفن غولد
700 1 _aسهاونه، فوزي
_eترجمة
942 _2ddc
_cBK
999 _c5729
_d5729